| 000 | 00650nam a2200193 i 4500 | ||
|---|---|---|---|
| 001 | 72772 | ||
| 003 | ES-MaACL | ||
| 005 | 20230906171543.0 | ||
| 007 | t| | ||
| 008 | 040902s1999 sp ||||1| spa d | ||
| 100 | 1 |
_aGoethe, Johann Wolfgang von, _d1749-1832 _957568 |
|
| 245 | 1 | 0 |
_aLetrres choisíes, 1765-1832 / _cJohann Wolgany von Goethe ; traduites par A. Fauta ; avec une préface de Arthur Chuques. |
| 260 |
_a[S.l. : _bs.n., _c1912] ( _eCoulommiers : _fPaul Brodard) |
||
| 300 |
_aXXXIV, 415 p. ; _c18 cm. |
||
| 700 | 1 |
_aFauta, A. _948984 |
|
| 700 | 1 |
_aChuquet, Arthur. _938702 |
|
| 852 |
_aES-MaACL _jG-221 |
||
| 999 |
_c72772 _d72772 |
||